| 000 | 00637nam a2200253Ia 4500 | ||
|---|---|---|---|
| 001 | 43539 | ||
| 005 | 20240114003552.0 | ||
| 007 | ta | ||
| 008 | 081212s1961 g b000 u 465 u | ||
| 040 | _aCotton College Assam | ||
| 041 | _a465 | ||
| 082 |
_a574 _bB 77 Sc |
||
| 100 | _aBrimble, L.J.F . | ||
| 245 | 0 |
_aA School Course of Biology / _cL.J.F Brimble. _hTextual Documents |
|
| 250 | _a4th ed / | ||
| 260 |
_aLondon : _bMacmillan & Co Ltd , _c1961. |
||
| 300 |
_a558pg ; _c23cm. |
||
| 653 | _aBiology | ||
| 653 | _aT/G- Biology | ||
| 942 |
_2ddc _cBK |
||
| 999 |
_c43505 _d43505 |
||